01395cam a2200373 i 450000100090000000300040000900500170001300800410003001000170007102000250008802200140011304000280012704200080015504300120016305000190017508200180019408400230021210000210023524500720025625000190032826400810034730000420042833600210047033700250049133800230051650400410053950500170058052000460059765000430064365000370068665000650072365000600078877501730084817586870GZU20240403112729.0130110s2014 paua 000 0 eng  a 2012049316 a9781451185454 (pbk.) aNo number aDLCbengcDLCerdadDLC apcc an-us---00aRT55bRUP 201400a610.73076223 aMED0582102bisacsh1 aRupert, Diana L.10aLippincott's NCLEX-RN(r) alternate-format questions/cDiana Rupert. aFifth edition. 1aPhiladelphia:bWolters Kluwer, Lippincott Williams & Wilkins Health,c[2014] avii, 328 pages:billustrations;c26cm atext2rdacontent aunmediated2rdamedia avolume2rdacarrier aIncludes bibliographical references. rDiana Rupert aAudio questions, Graphic option questions 0aNursingvExaminations, questions, etc. 0aNursingvOutlines, syllabi, etc. 0aNursesxLicenseszUnited StatesxExaminationsvStudy guides. 7aMEDICAL / Nursing / Test Preparation & Review2bisacsh.08iRevision of:tNCLEX-RN alternate-format questionsb5th ed.dPhiladelphia : Wolters Kluwer Health/Lippincott Williams & Wilkins, c2011nRT55 .N435 2011w(DLC) 2009053138